[Event "Farum Fureso op+"]
[Site "Farum"]
[Date "2016.??.??"]
[Round "2"]
[White "Strange, Markus"]
[Black "Andersen, Daniel"]
[Result "1-0"]
[WhiteElo "1764"]
[BlackElo "1830"]
[PlyCount "41"]
[EventDate "2016.??.??"]
[EventType "swiss"]
[EventRounds "6"]
[EventCountry "DEN"]
[SourceTitle "EXT 2024"]
[Source "ChessBase"]
[SourceDate "2023.10.10"]
[SourceVersion "1"]
[SourceVersionDate "2023.10.10"]
[SourceQuality "1"]

1. e4 e6 2. Nf3 d5 3. e5 c5 4. b4 cxb4 5. d4 f6 6. a3 bxa3 7. Nxa3 Nc6 8. Nb5 fxe5 9. dxe5 Bc5 10. Ba3 Bxa3 11. Rxa3 Nge7 12. Nd6+ Kf8 13. Ng5 Nxe5 14. Nxc8 Qxc8 15. Re3 N7g6 16. f4 Nxf4 17. Qd2 Nfg6 18. Bd3 h6 19. Bxg6 Nxg6 20. Qf2+ Kg8 21. Qf7# 1-0

[Event "DEN-ch G7-B"]
[Site "Skorping"]
[Date "2014.04.17"]
[Round "3"]
[White "Konradsen, Steen"]
[Black "Strange, Markus"]
[Result "0-1"]
[WhiteElo "1519"]
[BlackElo "1360"]
[PlyCount "92"]
[EventDate "2014.04.15"]
[EventType "swiss"]
[EventRounds "7"]
[EventCountry "DEN"]
[SourceTitle "EXT 2023"]
[Source "ChessBase"]
[SourceDate "2022.10.05"]
[SourceVersion "1"]
[SourceVersionDate "2022.10.05"]
[SourceQuality "1"]

1. b3 e5 2. Bb2 Nc6 3. e3 d5 4. Bb5 Nge7 5. Nf3 f6 6. 0-0 Bg4 7. Be2 Qd7 8. d3 g5 9. e4 0-0-0 10. Nbd2 Bg7 11. Ne1 h5 12. f3 Be6 13. c4 d4 14. a4 f5 15. Ba3 g4 16. a5 h4 17. b4 h3 18. g3 f4 19. gxf4 exf4 20. fxg4 Be5 21. Bf3 Rdg8 22. Kf2 Bxg4 23. Rg1 Bxf3 24. Ndxf3 Rxg1 25. Nxg1 Ng6 26. Ngf3 Bd6 27. c5 Be7 28. Ke2 Qg4 29. Kd2 Nce5 30. Nxd4 Qxd1+ 31. Rxd1 Rd8 32. Nef3 Bf6 33. Ke2 Nxf3 34. Nxf3 c6 35. d4 Ne7 36. Bc1 Ng6 37. e5 Be7 38. Rg1 Nh4 39. Nxh4 Bxh4 40. Rg4 Rxd4 41. Rxh4 f3+ 42. Kxf3 Rxh4 43. Bf4 Kd7 44. Ke4 Ke6 45. Kf3 Kf5 46. Bg3 Rxb4 0-1